El cuaderno de Maya

保存先:
書誌詳細
第一著者: Allende, Isabel, 1942- (autora)
フォーマット: 図書
言語:スペイン語
出版事項: Barcelona Random House Mondadori 2011
版:1a. ed
主題:
タグ: タグ追加
タグなし, このレコードへの初めてのタグを付けませんか!

MARC

LEADER 00000cam a2200000 a 4500
001 UCF7497
003 CL-VaPUC
008 130627e20110000SP |||||||||||||||||spa|d
020 |a 9788401352072 
082 0 4 |a 863  |b ALL  |2 21 
100 |a Allende, Isabel,  |d 1942-  |e autora  |9 318389 
245 1 3 |a El cuaderno de Maya 
250 |a 1a. ed 
300 |a 442 p 
942 |c BK 
945 |d 20130627 00:00:00  |a cmena 
260 |a Barcelona  |b Random House Mondadori  |c 2011 
650 0 |a Novelas chilenas   |9 265425 
650 0 |a Literatura chilena   |9 308278 
583 |a last modification  |c 20130627 13:18:00  |k Rodrigo Vera 
999 |c 352320  |d 352318 
952 |0 0  |1 0  |4 0  |6 863_000000000000000_ALL_2011  |7 0  |8 A  |9 456804  |a BIBING  |b BIBING  |d 2019-11-22  |i 4982886  |l 2  |o 863 ALL 2011  |p 4982886  |r 2025-01-20  |s 2024-04-22  |w 2019-11-22  |y BK  |k CUI